000 00425nam a2200169Ia 4500
008 131103s9999 xx 000 0 und d
040 _aLoreto College
041 _aEnglish
082 _a238/CAL
_bLCLIB/
245 2 _aA catechism of christian doctrine
260 _aCalcutta
_bCatholic Orphan
_c1933
300 _a401p.
_c 20cm.
650 _aChristianity
651 _aCreeds
850 _aLCLIB/238/CAL
942 _cBK
999 _c24592
_d75071